000 00413nam a2200157Ia 4500
008 210210b1974 xxu||||| |||| 00| 0 eng d
020 _a0 697 07516 8
082 _a301 BROR
100 _aBROWN COMPANY PUBLISHERS.
245 _aRacial & ethnic relations.
260 _aUSA
_bWM C Brown co. publishers
_c1974
300 _ax,61
650 _aRacial ethnic relations
690 _aSociology
906 _aSG02278
999 _c113338
_d113338